000 01077cam a22003254a 4500
001 6758
003 FISKH
005 20250828101409.0
008 040810s2006 maua j 000 0 eng
010 _a 2004018288
020 _a0618563075
020 _a9780545265027
020 _a9780618563074
040 _aDLC
_cDLC
_dDLC
_beng
050 _aTJ181 .P77
082 _a621.8
100 1 _aPrince, April Jones.
245 1 0 _aWhat do wheels do all day? /
_cApril Jones Prince ; illustrated by Giles Laroche.
260 _aNew York :
_bScholastic,
_c2006.
300 _a32 unnumbered pages :
_bcolor illustrations ;
_c 23 cm
505 _aE
520 _aPresents the wide variety of wheels, including the many types of vehicles they are used on, what they do, the sounds they make, and who they transport.
521 8 _a240
_bLexile AD
521 8 _aE
_bRaz-Plus
650 0 _aWheels
_xJuvenile literature.
700 1 _aLaroche, Giles.
_eillustrator
906 _a7
_bcbc
_corignew
_d1
_eecip
_f20
_gy-gencatlg
942 _2ddc
_cBK
_n0
999 _c6758
_d6758